<?xml version="1.0" encoding="UTF-8"?>
<record
    xmlns:xsi="http://www.w3.org/2001/XMLSchema-instance"
    xsi:schemaLocation="http://www.loc.gov/MARC21/slim http://www.loc.gov/standards/marcxml/schema/MARC21slim.xsd"
    xmlns="http://www.loc.gov/MARC21/slim">

  <leader>00505cam a22001812a 4500</leader>
  <controlfield tag="001">  000150</controlfield>
  <controlfield tag="003">  AR-FADEU</controlfield>
  <controlfield tag="008">  311216n2003####xxu####################dd</controlfield>
  <datafield tag="092" ind1=" " ind2=" ">
    <subfield code="a">IN(658)</subfield>
    <subfield code="b">I38emp</subfield>
    <subfield code="e">INDEC</subfield>
  </datafield>
  <datafield tag="260" ind1=" " ind2=" ">
    <subfield code="b">INDEC</subfield>
  </datafield>
  <datafield tag="260" ind1=" " ind2=" ">
    <subfield code="a">Buenos Aires</subfield>
  </datafield>
  <datafield tag="260" ind1=" " ind2=" ">
    <subfield code="c">2003</subfield>
  </datafield>
  <datafield tag="245" ind1=" " ind2=" ">
    <subfield code="a">Segunda encuesta nacional de innovaci&#xF3;n y conducta tecnol&#xF3;gica de las empresas argentinas : 1998/2001</subfield>
  </datafield>
  <datafield tag="020" ind1=" " ind2=" ">
    <subfield code="a">950-896-339-5</subfield>
  </datafield>
  <datafield tag="650" ind1=" " ind2=" ">
    <subfield code="a">Tecnolog&#xED;a-estad&#xED;sticas</subfield>
  </datafield>
  <datafield tag="440" ind1=" " ind2=" ">
    <subfield code="a">estudios </subfield>
    <subfield code="n">38</subfield>
  </datafield>
  <datafield tag="942" ind1=" " ind2=" ">
    <subfield code="c">INDEC</subfield>
  </datafield>
  <datafield tag="999" ind1=" " ind2=" ">
    <subfield code="c">809</subfield>
    <subfield code="d">809</subfield>
  </datafield>
  <datafield tag="952" ind1=" " ind2=" ">
    <subfield code="0">0</subfield>
    <subfield code="1">0</subfield>
    <subfield code="4">0</subfield>
    <subfield code="7">0</subfield>
    <subfield code="a">AR-FADEU</subfield>
    <subfield code="b">AR-FADEU</subfield>
    <subfield code="c">INDEC</subfield>
    <subfield code="d">2017-02-06</subfield>
    <subfield code="i">17564</subfield>
    <subfield code="l">0</subfield>
    <subfield code="o">IN(658) I38emp</subfield>
    <subfield code="p">17564</subfield>
    <subfield code="r">2017-02-06 00:00:00</subfield>
    <subfield code="w">2017-02-06</subfield>
    <subfield code="y">INDEC</subfield>
  </datafield>
</record>
